|
|
|
|
| LEADER |
00000nam a22000007a 4500 |
| 005 |
20181103002652.0 |
| 007 |
cr|||| |||| |
| 008 |
181103s2018 es |||||s|||| 00||0 spa d |
| 020 |
|
|
|a 978-84-9148-728-9
|
| 035 |
|
|
|a 22332
|
| 040 |
|
|
|a vLex
|
| 090 |
|
|
|c 8285
|d 8285
|
| 100 |
1 |
|
|a Martn̕ez-Palacios, Jone
|
| 245 |
1 |
0 |
|a Innovaciones democrt̀icas feministas
|h [Recurso electrn̤ico] /
|c Jone Martn̕ez-Palacios
|
| 256 |
|
|
|a Servicio en ln̕ea
|
| 260 |
|
|
|a Madrid:
|b Dykinson,
|c 2018
|
| 300 |
|
|
|a 1 recurso electrn̤ico
|
| 500 |
|
|
|a ¿Cm̤o explicar la convivencia del aumento de los dispositivos de innovacin̤ democrt̀ica y de las medidas para garantizar la presencia de las mujeres en los espacios de toma de decisiones con la persistencia de obstc̀ulos para que las mujeres lleven a cabo su proyecto de participacin̤ en los třminos que ellas desean? ¿Cm̤o se relacionan los procesos de ampliacin̤ del espacio pb︢lico y los proyectos de participacin̤ de las mujeres en sociedades que aspiran a ser igualitarias y multiculturales? ¿Qu ̌agencia tiene las mujeres para desarrollar sus proyectos de participacin̤? Innovaciones Democrt̀ica Feministas explora estos interrogantes y ofrece algunas pistas para pensar las ampliaciones del espacio pb︢lico en třminos de igualdad, justicia social y libertad.
|
| 506 |
1 |
|
|a Disponible solo en los productos indicados
|d vLex Global
|d vLex Global (Academic Edition, excluding Law Schools)
|d vLex Global (U.S. Academic Edition, Law Schools)
|d vLex Global (U.S. Academic Edition, excluding Law Schools)
|d vLex Global (Academic Edition, Law Schools)
|
| 650 |
0 |
4 |
|a Derecho Constitucional
|z Espaą
|
| 740 |
0 |
|
|a vLex Libros (Servicio en ln̕ea)
|
| 856 |
4 |
0 |
|u http://vlex.com/source/innovaciones-democraticas-feministas-22332
|z Acceso restringido
|
| 942 |
|
|
|c BOOK
|
| 999 |
0 |
|
|a Constitutional right
|